Coupe de la Ligue Winner's - Statistiques

Statistiques générales
  • Ce quiz a été pris 29 fois
  • Le résultat moyen est 22 sur 26
Statistiques - réponses
Hint Réponse % Correct
2001 Lyon
100%
2012 Marseille
100%
2011 Marseille
100%
2010 Marseille
100%
2020 Paris
100%
2018 Paris
100%
2017 Paris
100%
2016 Paris
100%
2015 Paris
100%
2014 Paris
100%
2008 Paris
100%
1998 Paris
100%
1995 Paris
100%
1999 Lens
93%
2003 Monaco
89%
2009 Bordeaux
81%
2007 Bordeaux
81%
2002 Bordeaux
81%
2013 Saint-Étienne
70%
2019 Strasbourg
70%
2005 Strasbourg
70%
1997 Strasbourg
70%
1996 Metz
52%
2006 Nancy
48%
2004 Sochaux
48%
2000 Gueugnon
33%
Aucun quiz correspondant
Distribution des résultats
% des personnes avec chaque résultat
Percentile par nombre de réponses
Votre historique - résultats
Vous n’avez pas pris ce quiz